000
00282nam a22001337a 4500
008
170511b xxu||||| |||| 00| 0 eng d
020
_a
9780943497662
041
_a
eng
080
_a
347
100
_a
15
101
_a
SHJ
245
_a
TRIALAND ERROR
_c
GRANT ,G
942
_2
udc
_c
BK
999
_c
13112
_d
13112